Adicto a la unción: (Registro nro. 50585)
[ vista simple ]
| 000 -CABECERA | |
|---|---|
| campo de control de longitud fija | 00641nam a22002057a 4500 |
| 003 - IDENTIFICADOR DEL NÚMERO DE CONTROL | |
| campo de control | DO-SdBNP |
| 005 - FECHA Y HORA DE LA ÚLTIMA TRANSACCIÓN | |
| campo de control | 20210921085303.0 |
| 007 - CAMPO FIJO DE DESCRIPCIÓN FÍSICA--INFORMACIÓN GENERAL | |
| campo de control de longitud fija | ta |
| 008 - DATOS DE LONGITUD FIJA--INFORMACIÓN GENERAL | |
| campo de control de longitud fija | 210920e2014 dr ||||gr|||| 001 edspa d |
| 040 ## - FUENTE DE LA CATALOGACIÓN | |
| Centro catalogador/agencia de origen | DO-SdBNP |
| Lengua de catalogación | spa |
| Centro/agencia transcriptor | BNPHU |
| 082 #4 - NÚMERO DE LA CLASIFICACIÓN DECIMAL DEWEY | |
| Número de edición | 22 |
| Número de documento/Ítem | P438a, 2014 |
| 100 1# - ENTRADA PRINCIPAL--NOMBRE DE PERSONA | |
| 9 (RLIN) | 55550 |
| Nombre de persona | Pérez Brea, Juan Ramón |
| 245 10 - MENCIÓN DE TÍTULO | |
| Título | Adicto a la unción: |
| Resto del título | en la unción hay bendición / |
| Mención de responsabilidad, etc. | Juan Ramón Pérez Brea |
| 250 ## - MENCIÓN DE EDICIÓN | |
| Mención de edición | 2da. ed. |
| 260 ## - PUBLICACIÓN, DISTRIBUCIÓN, ETC. | |
| Lugar de publicación, distribución, etc. | Santo Domingo : |
| Nombre del editor, distribuidor, etc. | Montas Centro de Impresos, |
| Fecha de publicación, distribución, etc. | 2014 |
| 300 ## - DESCRIPCIÓN FÍSICA | |
| Extensión | 110 p.; |
| Dimensiones | 21 cm |
| 500 ## - NOTA GENERAL | |
| Nota general | Incluye biografía de autor en la cubierta posterior. |
| 590 ## - NOTA LOCAL (RLIN) | |
| Nota local | Inventariado 2021 / MF |
| 942 ## - ELEMENTOS DE PUNTO DE ACCESO ADICIONAL (KOHA) | |
| Fuente del sistema de clasificación o colocación | Dewey Decimal Classification |
| Tipo de ítem Koha | Libro |
| Estado de retiro | Estado de pérdida | Fuente del sistema de clasificación o colocación | Restricciones de uso | No para préstamo | Código de colección | Localización permanente | Ubicación/localización actual | Ubicación en estantería | Fecha de adquisición | Fuente de adquisición | Total de préstamos | Signatura topográfica completa | Código de barras | Fecha visto por última vez | Precio válido a partir de | Tipo de ítem Koha | Nota pública | Número de copia |
|---|---|---|---|---|---|---|---|---|---|---|---|---|---|---|---|---|---|---|
| Dewey Decimal Classification | Préstamo en sala | Dominicana de Servicio | Biblioteca Nacional Pedro Henríquez Ureña | General | Depósito | 04.09.2017 | Depósito legal | P438a, 2014 | 2021-26830 | 20.09.2021 | 20.09.2021 | Libro y Folleto Colección Dominicana de Servicio | e.3 | |||||
| Dewey Decimal Classification | Excluido de préstamo | Patrimonio Dominicano | Biblioteca Nacional Pedro Henríquez Ureña | Patrimonio Dominicano | Depósito | 04.09.2017 | Depósito legal | P438a, 2014 | 2021-26828 | 20.09.2021 | 20.09.2021 | Libro y Folleto Colección Patrimonio Dominicano | Ejemplar autobiografiado | |||||
| Dewey Decimal Classification | Excluido de préstamo | Patrimonio Dominicano | Biblioteca Nacional Pedro Henríquez Ureña | Patrimonio Dominicano | Depósito | 04.09.2017 | Depósito legal | P438a, 2014 | 2021-26829 | 20.09.2021 | 20.09.2021 | Libro y Folleto Colección Patrimonio Dominicano | e.2 |
